1686 1634 1172 1557 1617 1110 1069 1160 1768 1255 1082 1688 1282 1304 1329 1120 1787 1874 1641 1416 1602 1205 1287 1559 1362 1663 1954 1856 1685 1659 1026 1028 1533 1772 1331 1433 1714 1605 1003 1056 1980 1811 1070 1169 1827 1769 1608 1666 1698 1314 1625 1963 1384 1340 1733 1753 1116 1646 1230 1942 1644 1911 1506 1391 1013 1234 1452 1977 1765 1224 1713 1209 1541 1015 1670 1828 1666 1564 1314 1377 1661 1966 1808 1950 1258 1069 1150 1800 1133 1462 1773 1116 1029 1611 1636 1672 1600 1410 1579 BCNSPRNW ULIB Ver.6.0+V

เปลี่ยนเป็นภาษาไทย

Change to English
 แสดงรายละเอียดบรรณานุกรม
  กลับหน้าหลัก

Brief Record : Get Marc (ISO 2709) : E-mail record : QR code < ปิดหน้าต่าง
LEADER : 00000nam 2200000uu 4500
001    13399111461
003     ULIB
008    110627s2550||||th 000 0 tha d
020    9789749507835
060 04 WY49^bค695 2550
100 0  ศักดิ์ชัย วงศกิตติรักษ์
245 00 คู่มือพยาบาล:^bฉบับเวชปฏิบัติ /^cบรรณาธิการ, ศักดิ์ชัย วงศกิตติรักษ์
250    พิมพ์ครั้งที่ 5
260    กรุงเทพฯ :^bหมอชาวบ้าน,^c2550
300    xi, 196 หน้า ;^c15 ซม.
650  7 ผู้ป่วย, การดูแล
650  7 พยาบาล^vคู่มือ
650  7 พยาบาลเวชปฏิบัติ^vคู่มือ
945    ^p120^l0^i030197
945    ^p120^l0^i030196
945    ^p120^l0^i030195
945    ^p120^l0^i030194
945    ^p120^l0^i030192
945    ^p120^l0^i030191
945    ^p120^l0^i030193
995     ทศพร
999 ^a ใช้งานได้ทุกระบบ
รายการนี้ยังไม่มีแท็ก
คุณยังไม่ได้ล็อกอิน คุณสามารถมีกิจกรรมร่วมกับเว็บไซต์ได้ แต่ต้องล็อกอินก่อน ::
  ล็อกอิน

รายการสื่อสารสนเทศ

ลำดับที่ ประเภท เลขเรียก/บาร์โค้ด สถานที่ สถานะ
- ไม่พบข้อมูล -

รายการใกล้เคียง
    ผู้แต่ง [ศักดิ์ชัย วงศกิตติรักษ์]

    หัวเรื่อง [ผู้ป่วย, การดูแล]

BibComment


ยังไม่เคยถูกคอมเมนท์

คอมเมนท์ทรัพยากรรายการนี้
  คอมเมนท์: คู่มือพยาบาล ฉบับ..


 Copyright 2026. Bcnsprnw @Library